Central Library OPAC University of Rajshahi

College administrator's handbook / (Record no. 60952)

MARC details
000 -LEADER
fixed length control field 00733nam a22002297a 4500
001 - CONTROL NUMBER
control field 60952
003 - CONTROL NUMBER IDENTIFIER
rucl marc code BD-RjUL
005 - DATE AND TIME OF LATEST TRANSACTION
control field 20211209080914.0
008 - FIXED-LENGTH DATA ELEMENTS--GENERAL INFORMATION
fixed length control field 170104s1980 enka|||| b||| 001 0 eng d
020 ## - INTERNATIONAL STANDARD BOOK NUMBER
International Standard Book Number 0205068731
035 ## - SYSTEM CONTROL NUMBER
System control number (BD-RjUL)61076
040 ## - CATALOGING SOURCE
Original cataloging agency BD-RjUL
Language of cataloging eng
Transcribing agency BD-RjUL
Modifying agency BD-RjUL
041 ## - LANGUAGE CODE
Language code of text/sound track or separate title eng
082 ## - DEWEY DECIMAL CLASSIFICATION NUMBER
Edition number 23
Classification number 378.73
Author mark and year WOC 1980
100 ## - MAIN ENTRY--PERSONAL NAME
Personal name Wolotkiewicz, Rita J.
9 (RLIN) 181760
245 ## - TITLE STATEMENT
Title College administrator's handbook /
Statement of responsibility, etc. Rita J. Wolotkiewicz
260 ## - PUBLICATION, DISTRIBUTION, ETC. (IMPRINT)
Place of publication, distribution, etc. London :
Name of publisher, distributor, etc. Allyn and Bacon,
Date of publication, distribution, etc. 1980.
300 ## - PHYSICAL DESCRIPTION
Pagination x, 265 p. :
Illustrations ill ;
Size 24 cm.
504 ## - BIBLIOGRAPHY, ETC. NOTE
Bibliography, etc Include Bibliography and index.
650 ## - SUBJECT ADDED ENTRY--TOPICAL TERM
Topical term or geographic name as entry element Universities and colleges
Form subdivision Handbooks, manuals, etc.
General subdivision Administration
Geographic subdivision United States
9 (RLIN) 181761
942 ## - ADDED ENTRY ELEMENTS (KOHA)
Source of classification or shelving scheme Dewey Decimal Classification
Koha item type Books
Holdings
Lost status Source of classification or shelving scheme Damaged status Not for loan Collection code Permanent Location Current Location Shelving location Date acquired Cost, normal purchase price Total Checkouts Full call number Date last seen Copy number Koha item type
  Dewey Decimal Classification     Non-fiction Central Library, University of Rajshahi Central Library, University of Rajshahi Reading Room 26/06/2012 83.00   378.73 WOC 1980 04/01/2017 C-1 Books